000 00364nam a2200145Ia 4500
008 191201s2004 xx 000 0 und d
082 _a677.02825
_bKAC
100 _aKALPAN, N S
245 0 _aChanging Trends in Apparel Industry
250 _a1st
260 _aChandigarh
_bAbhishek Publications
_c2004
300 _a237
650 _aB.Tech(TE)
942 _2ddc
_cBK
999 _c2538
_d2538